[Event "20. Open d'escacs de Sants 2018"]
[Site "Barcelona ESP"]
[Date "2018.08.18"]
[Round "2.24"]
[White "PAQUICO RODRIGUEZ, Ivan"]
[Black "CUARTAS, Jaime Alexander"]
[Result "0-1"]
[WhiteElo "2225"]
[BlackElo "2499"]
[PlyCount "70"]
[EventDate "2018.08.17"]
[EventType "swiss"]
[EventRounds "10"]
[EventCountry "ESP"]
[SourceTitle "Ajedrez en Madrid"]
[Source "lmi"]
[SourceDate "2018.08.17"]
[SourceVersion "1"]
[SourceVersionDate "2019.07.10"]
[SourceQuality "1"]

1. d4 Nf6 2. c4 e6 3. Nc3 Bb4 4. e3 O-O 5. Nge2 d5 6. a3 Be7 7. Nf4 c6 8. cxd5
exd5 9. Bd3 Re8 10. O-O Nbd7 11. f3 Nf8 12. Bc2 Ng6 13. e4 Nxf4 14. Bxf4 dxe4
15. fxe4 Bg4 16. Qd3 Bh5 17. h3 Bg6 18. Rad1 Nd5 19. Qf3 Nxf4 20. Qxf4 Bg5 21.
Qg3 Bh4 22. Qf4 Qg5 23. Bb3 Qxf4 24. Rxf4 Bg5 25. Rf3 Rad8 26. Rdf1 Re7 27. d5
Bf6 28. Rg3 Bd4+ 29. Kh1 Bxc3 30. Rxc3 Bxe4 31. dxc6 Bxc6 32. Rc2 Rd3 33. Re2
Rxe2 34. Bxf7+ Kh8 35. Bd5 Bxd5 0-1

[Event "20. Open d'escacs de Sants 2018"]
[Site "Barcelona ESP"]
[Date "2018.08.18"]
[Round "2.25"]
[White "KEYMER, Vincent"]
[Black "ARIAS BOO, Guillermo"]
[Result "1-0"]
[WhiteElo "2493"]
[BlackElo "2231"]
[PlyCount "57"]
[EventDate "2018.08.17"]
[EventType "swiss"]
[EventRounds "10"]
[EventCountry "ESP"]
[SourceTitle "Ajedrez en Madrid"]
[Source "lmi"]
[SourceDate "2018.08.17"]
[SourceVersion "1"]
[SourceVersionDate "2019.07.10"]
[SourceQuality "1"]

1. d4 Nf6 2. c4 g6 3. g3 Bg7 4. Bg2 O-O 5. Nc3 d6 6. Nf3 Nc6 7. O-O a6 8. b3
Rb8 9. d5 Na5 10. Bg5 h6 11. Bd2 c5 12. dxc6 Nxc6 13. Rc1 Bf5 14. Ne1 Qd7 15.
Nd5 Nxd5 16. cxd5 Na7 17. e4 Bh3 18. Bxh3 Qxh3 19. a4 Qd7 20. Nd3 Rfc8 21. Be3
b6 22. Qd2 Kh7 23. Rxc8 Qxc8 24. Rc1 Qb7 25. Nb4 Rc8 26. Rxc8 Nxc8 27. Qc1 Na7
28. Nc6 Nc8 29. Nd8 1-0

[Event "20. Open d'escacs de Sants 2018"]
[Site "Barcelona ESP"]
[Date "2018.08.18"]
[Round "2.27"]
[White "NARCISO DUBLAN, Marc"]
[Black "CUMMING, Rhys"]
[Result "1-0"]
[WhiteElo "2483"]
[BlackElo "2223"]
[PlyCount "63"]
[EventDate "2018.08.17"]
[EventType "swiss"]
[EventRounds "10"]
[EventCountry "ESP"]
[SourceTitle "Ajedrez en Madrid"]
[Source "lmi"]
[SourceDate "2018.08.17"]
[SourceVersion "1"]
[SourceVersionDate "2019.07.10"]
[SourceQuality "1"]

1. d4 Nf6 2. Bg5 d5 3. e3 c5 4. Bxf6 gxf6 5. dxc5 Nc6 6. c3 e6 7. b4 a5 8. Bb5
Bg7 9. a3 f5 10. Ra2 Bd7 11. Nf3 O-O 12. Bxc6 Bxc6 13. Nd4 Qd7 14. f4 b6 15.
cxb6 Rfb8 16. O-O Rxb6 17. Rb2 Kh8 18. Nd2 axb4 19. axb4 Bb5 20. Rf2 Rba6 21.
N2b3 Ba4 22. h3 Qc7 23. Qd3 Bxb3 24. Rxb3 Ra1+ 25. Kh2 Qc4 26. Qxc4 dxc4 27.
Rbb2 Rc1 28. Rfc2 Raa1 29. Rxc1 Rxc1 30. b5 Bxd4 31. exd4 Ra1 32. Rb4 1-0

[Event "20. Open d'escacs de Sants 2018"]
[Site "Barcelona ESP"]
[Date "2018.08.18"]
[Round "2.28"]
[White "FERNANDEZ, Maria Florencia"]
[Black "AGUERO JIMENEZ, Luis Lazaro"]
[Result "0-1"]
[WhiteElo "2215"]
[BlackElo "2482"]
[PlyCount "38"]
[EventDate "2018.08.17"]
[EventType "swiss"]
[EventRounds "10"]
[EventCountry "ESP"]
[SourceTitle "Ajedrez en Madrid"]
[Source "lmi"]
[SourceDate "2018.08.17"]
[SourceVersion "1"]
[SourceVersionDate "2019.07.10"]
[SourceQuality "1"]

1. d4 d5 2. c4 dxc4 3. e4 Nf6 4. e5 Nd5 5. Bxc4 Nb6 6. Bd3 Nc6 7. Be3 Be6 8.
Nc3 Bd5 9. f3 e6 10. Nge2 Nc4 11. Bxc4 Bxc4 12. Qa4 Ba6 13. O-O Qd7 14. a3 Nxe5
15. dxe5 Qxa4 16. Nxa4 Bxe2 17. Rfe1 Bb5 18. Nc3 Bc6 19. Ne2 O-O-O 0-1

[Event "20. Open d'escacs de Sants 2018"]
[Site "Barcelona ESP"]
[Date "2018.08.18"]
[Round "2.29"]
[White "RUBIL, Marko"]
[Black "CORI QUISPE, Kevin Joel"]
[Result "0-1"]
[WhiteElo "2213"]
[BlackElo "2480"]
[PlyCount "64"]
[EventDate "2018.08.17"]
[EventType "swiss"]
[EventRounds "10"]
[EventCountry "ESP"]
[SourceTitle "Ajedrez en Madrid"]
[Source "lmi"]
[SourceDate "2018.08.17"]
[SourceVersion "1"]
[SourceVersionDate "2019.07.10"]
[SourceQuality "1"]

1. e4 c5 2. Nf3 e6 3. d4 cxd4 4. Nxd4 a6 5. Bd3 Bc5 6. Nb3 Be7 7. Qg4 g6 8. Qg3
d6 9. c4 Nc6 10. Nc3 Ne5 11. Be2 Qc7 12. O-O h5 13. h4 b6 14. Bg5 Bb7 15. Rac1
Nf6 16. f4 Neg4 17. e5 Ng8 18. exd6 Qxd6 19. Bf3 Qc7 20. Rfe1 Bxg5 21. hxg5 Ne7
22. Nd5 exd5 23. cxd5 Qd6 24. Bxg4 hxg4 25. Qc3 O-O 26. Re5 Rac8 27. Qd2 Rxc1+
28. Qxc1 Nxd5 29. Qd1 Qb4 30. f5 Qf4 31. Rxd5 Bxd5 32. Qxd5 Re8 0-1

[Event "20. Open d'escacs de Sants 2018"]
[Site "Barcelona ESP"]
[Date "2018.08.18"]
[Round "2.30"]
[White "OLIVA CASTANEDA, Kevel"]
[Black "VENTURA BOLET, Maxim"]
[Result "1-0"]
[WhiteElo "2479"]
[BlackElo "2220"]
[PlyCount "89"]
[EventDate "2018.08.17"]
[EventType "swiss"]
[EventRounds "10"]
[EventCountry "ESP"]
[SourceTitle "Ajedrez en Madrid"]
[Source "lmi"]
[SourceDate "2018.08.17"]
[SourceVersion "1"]
[SourceVersionDate "2019.07.10"]
[SourceQuality "1"]

1. Nf3 d5 2. c4 d4 3. b4 g5 4. Qa4+ c6 5. d3 g4 6. Nfd2 e5 7. g3 Bg7 8. Bg2 Ne7
9. O-O O-O 10. Qb3 Ng6 11. a4 a5 12. b5 c5 13. Ne4 Qb6 14. Ba3 Nd7 15. Qc2 Ra7
16. Nbd2 f5 17. Ng5 h6 18. Ne6 Rf6 19. Nxg7 Kxg7 20. e3 Qd8 21. exd4 exd4 22.
b6 Qxb6 23. f3 h5 24. Rae1 Qd8 25. Nb3 b6 26. Bc1 Rf8 27. Qd2 f4 28. fxg4 hxg4
29. gxf4 Qh4 30. Re6 Nf6 31. Rxb6 g3 32. hxg3 Qxg3 33. Rf3 Qg4 34. Qf2 Rb7 35.
Rb5 Rxb5 36. axb5 Bb7 37. Rg3 Qd1+ 38. Qf1 Qxf1+ 39. Bxf1 Nh5 40. Rg5 Nhxf4 41.
Nxc5 Bc8 42. Bxf4 Rxf4 43. b6 Kf6 44. Rg3 Nh4 45. Bh3 1-0

[Event "20. Open d'escacs de Sants 2018"]
[Site "Barcelona ESP"]
[Date "2018.08.18"]
[Round "2.31"]
[White "MICHAELIDES, Konstantinos"]
[Black "MUNOZ, Miguel"]
[Result "1/2-1/2"]
[WhiteElo "2209"]
[BlackElo "2476"]
[PlyCount "61"]
[EventDate "2018.08.17"]
[EventType "swiss"]
[EventRounds "10"]
[EventCountry "ESP"]
[SourceTitle "Ajedrez en Madrid"]
[Source "lmi"]
[SourceDate "2018.08.17"]
[SourceVersion "1"]
[SourceVersionDate "2019.07.10"]
[SourceQuality "1"]

1. d4 Nf6 2. c4 g6 3. Nc3 Bg7 4. Nf3 O-O 5. Bf4 c5 6. e3 d6 7. h3 Nc6 8. d5 Na5
9. Rc1 Bf5 10. Bd3 e5 11. dxe6 Bxe6 12. b3 d5 13. cxd5 Nxd5 14. Nxd5 Qxd5 15.
O-O Rfd8 16. Be2 Qxd1 17. Rfxd1 Rxd1+ 18. Rxd1 c4 19. bxc4 Bxc4 20. Bxc4 Nxc4
21. Rd7 b6 22. Ng5 f5 23. Ne6 Bf6 24. Bg5 Be5 25. f4 Bb2 26. Nc7 Rc8 27. Nd5
Rc5 28. Nc7 Nxe3 29. Rd8+ Kf7 30. Rd7+ Kg8 31. Rd8+ 1/2-1/2

[Event "20. Open d'escacs de Sants 2018"]
[Site "Barcelona ESP"]
[Date "2018.08.18"]
[Round "2.34"]
[White "MOLNER, Mackenzie"]
[Black "CHAN, Kim Yew"]
[Result "1/2-1/2"]
[WhiteElo "2465"]
[BlackElo "2215"]
[PlyCount "58"]
[EventDate "2018.08.17"]
[EventType "swiss"]
[EventRounds "10"]
[EventCountry "ESP"]
[SourceTitle "Ajedrez en Madrid"]
[Source "lmi"]
[SourceDate "2018.08.17"]
[SourceVersion "1"]
[SourceVersionDate "2019.07.10"]
[SourceQuality "1"]

1. e4 c5 2. Nf3 Nc6 3. d4 cxd4 4. Nxd4 Nf6 5. Nc3 d6 6. Bg5 e6 7. Qd2 a6 8.
O-O-O Bd7 9. f4 b5 10. Bxf6 gxf6 11. Kb1 Qb6 12. Nce2 Rc8 13. f5 Nxd4 14. Nxd4
e5 15. Ne2 Bc6 16. Ng3 h5 17. h4 Bh6 18. Qxd6 Rd8 19. Qxd8+ Qxd8 20. Rxd8+ Kxd8
21. Nxh5 Ke7 22. Bd3 Rg8 23. g3 b4 24. Re1 a5 25. Re2 a4 26. Rg2 Rg4 27. Re2
Rg8 28. Rg2 Rg4 29. Re2 Rg8 1/2-1/2

[Event "20. Open d'escacs de Sants 2018"]
[Site "Barcelona ESP"]
[Date "2018.08.18"]
[Round "2.35"]
[White "MUNOZ AVILA, Jose Luis"]
[Black "NEEF, Maximilian"]
[Result "0-1"]
[WhiteElo "2204"]
[BlackElo "2463"]
[PlyCount "74"]
[EventDate "2018.08.17"]
[EventType "swiss"]
[EventRounds "10"]
[EventCountry "ESP"]
[SourceTitle "Ajedrez en Madrid"]
[Source "lmi"]
[SourceDate "2018.08.17"]
[SourceVersion "1"]
[SourceVersionDate "2019.07.10"]
[SourceQuality "1"]

1. d4 Nf6 2. c4 g6 3. Nc3 Bg7 4. e4 d6 5. Nf3 O-O 6. h3 Na6 7. Bg5 c5 8. d5 e6
9. Bd3 exd5 10. cxd5 h6 11. Bf4 Re8 12. O-O Nh5 13. Bh2 Qf6 14. Nd2 Nf4 15. Bb5
Rd8 16. Qf3 Nxh3+ 17. gxh3 Qg5+ 18. Kh1 Qxd2 19. e5 Bf5 20. b3 dxe5 21. Rad1
Qg5 22. Rfe1 Qh4 23. Kg2 Nb4 24. Bxe5 Nc2 25. Re2 Nd4 26. Bxd4 cxd4 27. Na4
Rac8 28. Nb2 Rc3 29. Bd3 Bf6 30. Rde1 Qg5+ 31. Kh2 Bxd3 32. Re8+ Kg7 33. Nxd3
Qxd5 34. Qxd5 Rxd5 35. Rd1 Rc2 36. Kg2 Rxa2 37. Nb4 Rg5+ 0-1

[Event "20. Open d'escacs de Sants 2018"]
[Site "Barcelona ESP"]
[Date "2018.08.18"]
[Round "2.36"]
[White "SOCHACKI, Christophe"]
[Black "CAPELLADES SUBIRANA, Marc"]
[Result "1-0"]
[WhiteElo "2455"]
[BlackElo "2211"]
[PlyCount "63"]
[EventDate "2018.08.17"]
[EventType "swiss"]
[EventRounds "10"]
[EventCountry "ESP"]
[SourceTitle "Ajedrez en Madrid"]
[Source "lmi"]
[SourceDate "2018.08.17"]
[SourceVersion "1"]
[SourceVersionDate "2019.07.10"]
[SourceQuality "1"]

1. Nf3 d5 2. b3 Bg4 3. e3 Nc6 4. Bb2 e5 5. h3 Bh5 6. Bb5 f6 7. Be2 Bf7 8. d4 e4
9. Nfd2 Nh6 10. c4 Bb4 11. Nc3 Bxc3 12. Bxc3 O-O 13. cxd5 Qxd5 14. O-O f5 15.
f4 exf3 16. Bxf3 Qb5 17. Rc1 Rfe8 18. Nc4 Bd5 19. Be2 Ne7 20. Nd6 Qc6 21. Bb4
cxd6 22. Rxc6 Nxc6 23. Bxd6 Rxe3 24. Bf4 Re4 25. Bxh6 Rxd4 26. Bd2 Rd8 27. Qc1
Bxb3 28. axb3 Rxd2 29. Rxf5 Rxe2 30. Qc4+ Kh8 31. Qxe2 Nd4 32. Qe7 1-0

[Event "20. Open d'escacs de Sants 2018"]
[Site "Barcelona ESP"]
[Date "2018.08.18"]
[Round "2.37"]
[White "WOLTER, Michael"]
[Black "LODICI, Lorenzo"]
[Result "0-1"]
[WhiteElo "2204"]
[BlackElo "2447"]
[PlyCount "45"]
[EventDate "2018.08.17"]
[EventType "swiss"]
[EventRounds "10"]
[EventCountry "ESP"]
[SourceTitle "Ajedrez en Madrid"]
[Source "lmi"]
[SourceDate "2018.08.17"]
[SourceVersion "1"]
[SourceVersionDate "2019.07.10"]
[SourceQuality "1"]

1. d4 Nf6 2. Nf3 b6 3. e3 Bb7 4. Bd3 e6 5. O-O c5 6. c4 Be7 7. Nc3 cxd4 8. exd4
d5 9. cxd5 Nxd5 10. Ne5 O-O 11. Qg4 Nf6 12. Qh4 Ne4 13. Qh3 Qxd4 14. Bf4 Nf6
15. Ne2 Qd8 16. Rfd1 Qe8 17. Bg5 Ne4 18. Bxe4 Bxe4 19. Qh4 Bxg5 20. Qxg5 Na6
21. Qg4 Qe7 22. Rd7 Qf6 23. f4 0-1

[Event "20. Open d'escacs de Sants 2018"]
[Site "Barcelona ESP"]
[Date "2018.08.18"]
[Round "2.38"]
[White "DIAZ CAMALLONGA, Carles"]
[Black "PIETRUSZEWSKI, Marcin"]
[Result "1-0"]
[WhiteElo "2445"]
[BlackElo "2208"]
[PlyCount "65"]
[EventDate "2018.08.17"]
[EventType "swiss"]
[EventRounds "10"]
[EventCountry "ESP"]
[SourceTitle "Ajedrez en Madrid"]
[Source "lmi"]
[SourceDate "2018.08.17"]
[SourceVersion "1"]
[SourceVersionDate "2019.07.10"]
[SourceQuality "1"]

1. e4 c6 2. Nc3 d5 3. Nf3 Nf6 4. e5 Ne4 5. Ne2 Qb6 6. d4 e6 7. Ng3 c5 8. Bd3
Nxg3 9. fxg3 h6 10. O-O Nc6 11. dxc5 Qxc5+ 12. Kh1 g6 13. Qe2 Bg7 14. c3 Bd7
15. Bd2 g5 16. b4 Qe7 17. g4 O-O 18. Bc2 f6 19. Qd3 Bh8 20. exf6 Bxf6 21. Rae1
Qg7 22. Bb3 Kh8 23. c4 Ne7 24. Be3 e5 25. cxd5 Bxg4 26. Nd2 Rad8 27. Ne4 Be6
28. Bc5 b6 29. Bd6 Rxd6 30. Nxd6 Bg8 31. Ne4 Ng6 32. g3 Bd8 33. d6 1-0

[Event "20. Open d'escacs de Sants 2018"]
[Site "Barcelona ESP"]
[Date "2018.08.18"]
[Round "2.39"]
[White "DELISAU GIL, Oriol"]
[Black "BELLIA, Fabrizio"]
[Result "0-1"]
[WhiteElo "2201"]
[BlackElo "2440"]
[PlyCount "56"]
[EventDate "2018.08.17"]
[EventType "swiss"]
[EventRounds "10"]
[EventCountry "ESP"]
[SourceTitle "Ajedrez en Madrid"]
[Source "lmi"]
[SourceDate "2018.08.17"]
[SourceVersion "1"]
[SourceVersionDate "2019.07.10"]
[SourceQuality "1"]

1. Nf3 d5 2. d4 Nf6 3. c4 c6 4. Nc3 e6 5. Bg5 Nbd7 6. e3 Qa5 7. cxd5 exd5 8.
Bd3 Ne4 9. O-O Nxg5 10. Nxg5 Nf6 11. e4 dxe4 12. Ngxe4 Nxe4 13. Re1 Be6 14.
Bxe4 O-O-O 15. Rc1 Kb8 16. Qd3 Bd6 17. Qf3 Rhe8 18. Red1 f5 19. Bb1 g6 20. a3
Bc7 21. h3 Bb3 22. Rd3 Bd5 23. Qd1 Bf4 24. b4 Qa6 25. b5 cxb5 26. Nxd5 Bxc1 27.
Nb4 Qe6 28. Kf1 Qd6 0-1

[Event "20. Open d'escacs de Sants 2018"]
[Site "Barcelona ESP"]
[Date "2018.08.18"]
[Round "2.40"]
[White "GUKESH, D."]
[Black "CHERNYAK, Viktoria"]
[Result "1/2-1/2"]
[WhiteElo "2440"]
[BlackElo "2206"]
[PlyCount "70"]
[EventDate "2018.08.17"]
[EventType "swiss"]
[EventRounds "10"]
[EventCountry "ESP"]
[SourceTitle "Ajedrez en Madrid"]
[Source "lmi"]
[SourceDate "2018.08.17"]
[SourceVersion "1"]
[SourceVersionDate "2019.07.10"]
[SourceQuality "1"]

1. Nf3 d5 2. g3 Nf6 3. Bg2 c5 4. O-O e6 5. d4 cxd4 6. Nxd4 e5 7. Nb3 Be6 8. Bg5
Nbd7 9. Nc3 d4 10. Nd5 Nb6 11. Nxb6 Qxb6 12. e3 dxe3 13. Bxe3 Qc7 14. Qd3 a6
15. Rfd1 Be7 16. Qc3 Qxc3 17. bxc3 Rc8 18. Bxb7 Rxc3 19. Bxa6 O-O 20. Bd3 e4
21. Bb5 Ng4 22. Bd4 Rxc2 23. Rdc1 Rfc8 24. Rxc2 Rxc2 25. h3 Nf6 26. Bf1 Nd7 27.
h4 f5 28. Nc1 Ba3 29. Nb3 Kf7 30. Bb5 Nf6 31. Ba7 Rc7 32. Be3 Ng4 33. Bc1 Ra7
34. Bxa3 Rxa3 35. Nd4 Ra7 1/2-1/2

[Event "20. Open d'escacs de Sants 2018"]
[Site "Barcelona ESP"]
[Date "2018.08.18"]
[Round "2.41"]
[White "GARCIA SANCHO, Josep"]
[Black "ESCALANTE RAMIREZ, Brian Sebasti"]
[Result "0-1"]
[WhiteElo "2195"]
[BlackElo "2438"]
[PlyCount "48"]
[EventDate "2018.08.17"]
[EventType "swiss"]
[EventRounds "10"]
[EventCountry "ESP"]
[SourceTitle "Ajedrez en Madrid"]
[Source "lmi"]
[SourceDate "2018.08.17"]
[SourceVersion "1"]
[SourceVersionDate "2019.07.10"]
[SourceQuality "1"]

1. e4 c5 2. Nf3 d6 3. d4 cxd4 4. Nxd4 Nf6 5. Nc3 Nc6 6. Bg5 e6 7. Qd2 a6 8.
O-O-O h6 9. Nxc6 bxc6 10. Bf4 d5 11. Qe3 Bb4 12. a3 Ba5 13. h4 O-O 14. f3 Bb6
15. Qe1 Bc7 16. e5 Nd7 17. Qg3 f6 18. Bxh6 Rf7 19. f4 fxe5 20. Bd3 exf4 21. Qg6
Nf8 22. Qh5 gxh6 23. Rdf1 e5 24. g3 f3 0-1

[Event "20. Open d'escacs de Sants 2018"]
[Site "Barcelona ESP"]
[Date "2018.08.18"]
[Round "2.42"]
[White "LEVER, Erwan"]
[Black "CRUZ, Jonathan"]
[Result "0-1"]
[WhiteElo "2195"]
[BlackElo "2420"]
[PlyCount "73"]
[EventDate "2018.08.17"]
[EventType "swiss"]
[EventRounds "10"]
[EventCountry "ESP"]
[SourceTitle "Ajedrez en Madrid"]
[Source "lmi"]
[SourceDate "2018.08.17"]
[SourceVersion "1"]
[SourceVersionDate "2019.07.10"]
[SourceQuality "1"]

1. d4 Nf6 2. c4 g6 3. Nc3 d5 4. cxd5 Nxd5 5. Bd2 Nf6 6. Bg5 Bg7 7. e3 O-O 8.
Nf3 Be6 9. Be2 Nbd7 10. O-O Rc8 11. h3 h6 12. Bf4 Nd5 13. Nxd5 Bxd5 14. b4 c6
15. Qc2 a5 16. a3 Ra8 17. e4 Be6 18. b5 a4 19. bxc6 bxc6 20. Rac1 Nb8 21. Bc4
Bc8 22. d5 c5 23. Rfd1 Nd7 24. e5 Nb6 25. e6 Nxc4 26. Qxc4 fxe6 27. dxe6 Qb6
28. Bd6 Re8 29. Qd5 Bb7 30. Qxc5 Qa6 31. Be5 Bxf3 32. gxf3 Qxe6 33. Bxg7 Kxg7
34. Re1 Qf6 35. Qe5 Ra6 36. Rc7 Kf8 37. Qd5 0-1

[Event "20. Open d'escacs de Sants 2018"]
[Site "Barcelona ESP"]
[Date "2018.08.19"]
[Round "3.1"]
[White "DEMCHENKO, Anton"]
[Black "DIJKHUIS, Tycho"]
[Result "1-0"]
[WhiteElo "2670"]
[BlackElo "2405"]
[PlyCount "103"]
[EventDate "2018.08.17"]
[EventType "swiss"]
[EventRounds "10"]
[EventCountry "ESP"]
[SourceTitle "Ajedrez en Madrid"]
[Source "lmi"]
[SourceDate "2018.08.17"]
[SourceVersion "1"]
[SourceVersionDate "2019.07.10"]
[SourceQuality "1"]

1. e4 g6 2. d4 Bg7 3. Nc3 a6 4. Be3 b5 5. Qd2 Bb7 6. f3 d6 7. a4 c6 8. Bd3 Nd7
9. Nge2 Ngf6 10. O-O O-O 11. Bh6 e5 12. Bxg7 Kxg7 13. dxe5 dxe5 14. Qe3 Qe7 15.
Nd1 Rfd8 16. Nf2 Nc5 17. b3 Ne6 18. Rfb1 Ne8 19. b4 N8c7 20. axb5 axb5 21. Qb6
Rxa1 22. Rxa1 Ra8 23. Rb1 Ne8 24. Ng4 f6 25. Qe3 Rd8 26. h4 Kg8 27. h5 Bc8 28.
hxg6 hxg6 29. Ra1 Nd6 30. Qh6 Qg7 31. Qh4 g5 32. Qf2 Nf4 33. Nxf4 Bxg4 34. Ra7
Rd7 35. Ra8+ Kf7 36. Ne2 Be6 37. g4 Kg6 38. Ng3 Qe7 39. Ra6 Rc7 40. Qc5 Bd7 41.
Bxb5 Bxg4 42. fxg4 Nxb5 43. Qxe7 Rxe7 44. Rxc6 Nd4 45. Rc8 Ra7 46. Nf5 Ra3 47.
Rc7 Nxf5 48. exf5+ Kh6 49. Kf2 e4 50. b5 Ra4 51. Ke3 Ra3+ 52. c3 1-0

[Event "20. Open d'escacs de Sants 2018"]
[Site "Barcelona ESP"]
[Date "2018.08.19"]
[Round "3.2"]
[White "NISIPEANU, Liviu-Dieter"]
[Black "LAPSHUN, Yury"]
[Result "1-0"]
[WhiteElo "2657"]
[BlackElo "2403"]
[PlyCount "137"]
[EventDate "2018.08.17"]
[EventType "swiss"]
[EventRounds "10"]
[EventCountry "ESP"]
[SourceTitle "Ajedrez en Madrid"]
[Source "lmi"]
[SourceDate "2018.08.17"]
[SourceVersion "1"]
[SourceVersionDate "2019.07.10"]
[SourceQuality "1"]

1. d4 Nf6 2. Nc3 d5 3. Bf4 c5 4. e3 cxd4 5. exd4 a6 6. Bd3 Nc6 7. Nge2 e6 8.
Qd2 Bd7 9. a3 Be7 10. f3 b5 11. g4 h6 12. h4 Qb6 13. Qe3 O-O-O 14. a4 Bb4 15.
axb5 axb5 16. Kf2 e5 17. Bxe5 Nxe5 18. Qxe5 Bd6 19. Nxd5 Qb8 20. Ne7+ Kc7 21.
Qe3 Rde8 22. Ra6 Rxe7 23. Qd2 Kd8 24. Rha1 Bc8 25. Ra8 Qb7 26. R1a6 Bc7 27. Bf5
Nd7 28. Nc3 Bb8 29. d5 b4 30. Ne4 Rhe8 31. c4 bxc3 32. bxc3 Nb6 33. Bxc8 Nxc8
34. d6 Rxe4 35. fxe4 Rxe4 36. c4 Kd7 37. c5 Ba7 38. R8xa7 Nxa7 39. Rb6 Qa8 40.
Qd3 Rf4+ 41. Kg3 g5 42. hxg5 hxg5 43. Qa3 Ke6 44. d7+ Kxd7 45. c6+ Kc7 46. Rb7+
Qxb7 47. cxb7 Nc6 48. Qa8 Nb8 49. Qa5+ Kxb7 50. Qb5+ Kc7 51. Qe5+ Kb7 52. Qe7+
Ka8 53. Qxg5 Rd4 54. Qf6 Rd7 55. Qb6 Ra7 56. g5 Ra6 57. Qb3 Ra7 58. Qd5+ Rb7
59. Kf4 Na6 60. Qa5 Ka7 61. Kf5 Rc7 62. Kf6 Rb7 63. Qa2 Kb6 64. Qxf7 Nc5 65.
Qe8 Nd7+ 66. Ke6 Nc5+ 67. Kf5 Rd7 68. Qxd7 Nxd7 69. g6 1-0

[Event "20. Open d'escacs de Sants 2018"]
[Site "Barcelona ESP"]
[Date "2018.08.19"]
[Round "3.3"]
[White "FERNANDEZ CARDOSO, Alexey"]
[Black "GLEDURA, Benjamin"]
[Result "0-1"]
[WhiteElo "2403"]
[BlackElo "2626"]
[PlyCount "58"]
[EventDate "2018.08.17"]
[EventType "swiss"]
[EventRounds "10"]
[EventCountry "ESP"]
[SourceTitle "Ajedrez en Madrid"]
[Source "lmi"]
[SourceDate "2018.08.17"]
[SourceVersion "1"]
[SourceVersionDate "2019.07.10"]
[SourceQuality "1"]

1. e4 c5 2. Nf3 Nc6 3. Nc3 e6 4. d4 cxd4 5. Nxd4 Qc7 6. f4 a6 7. Be3 b5 8. Bd3
Bb7 9. Qd2 Nf6 10. e5 Ng4 11. Bg1 Rc8 12. Qe2 Nh6 13. O-O-O Nxd4 14. Bxd4 Nf5
15. Bg1 h5 16. Kb1 h4 17. Ne4 Qa5 18. Nd2 h3 19. Be4 hxg2 20. Bxg2 Bxg2 21.
Qxg2 Rh4 22. Qf3 Qc7 23. c3 Qc6 24. Ne4 b4 25. Rc1 Rh3 26. Qg2 bxc3 27. bxc3
Rb8+ 28. Ka1 Ba3 29. Rc2 Re3 0-1

[Event "20. Open d'escacs de Sants 2018"]
[Site "Barcelona ESP"]
[Date "2018.08.19"]
[Round "3.4"]
[White "KRISHNA, C R G."]
[Black "PETROV, Nikita"]
[Result "1/2-1/2"]
[WhiteElo "2402"]
[BlackElo "2591"]
[PlyCount "116"]
[EventDate "2018.08.17"]
[EventType "swiss"]
[EventRounds "10"]
[EventCountry "ESP"]
[SourceTitle "Ajedrez en Madrid"]
[Source "lmi"]
[SourceDate "2018.08.17"]
[SourceVersion "1"]
[SourceVersionDate "2019.07.10"]
[SourceQuality "1"]

1. d4 Nf6 2. Nf3 d5 3. e3 c5 4. c4 cxd4 5. exd4 g6 6. Nc3 Bg7 7. Qb3 O-O 8.
cxd5 Nbd7 9. a4 a5 10. Bb5 Nb6 11. O-O Nfxd5 12. Re1 Bg4 13. Ne4 Nb4 14. Bg5
Bxf3 15. gxf3 h6 16. Bh4 g5 17. Bg3 Qd5 18. Qd1 Qxd4 19. Nc3 Qxd1 20. Raxd1 e6
21. h4 N6d5 22. hxg5 hxg5 23. Bc4 Nxc3 24. bxc3 Bxc3 25. Re3 Bf6 26. Rd7 Rac8
27. Bb3 Na6 28. Rxb7 Nc5 29. Rb5 Bd4 30. Re2 Nxb3 31. Rxb3 Rfd8 32. Rb5 Rd5 33.
Rxd5 exd5 34. Re7 Bc3 35. Rd7 d4 36. Kg2 Rc4 37. Be5 Rxa4 38. Bf6 Kh7 39. Bxg5
Rc4 40. f4 Kg7 41. Rd6 f5 42. Kf3 a4 43. Ke2 a3 44. Ra6 Bb2 45. Kd2 Kf7 46. Bf6
Rb4 47. Be5 Rb3 48. Ra4 d3 49. Ra6 Ke7 50. Bd6+ Kd7 51. Be5 Bxe5 52. fxe5 f4
53. f3 Ke7 54. Rf6 Rb4 55. Ra6 Rb3 56. Rf6 Rb1 57. Ra6 Rf1 58. Kxd3 Re1 1/2-1/2

[Event "20. Open d'escacs de Sants 2018"]
[Site "Barcelona ESP"]
[Date "2018.08.19"]
[Round "3.5"]
[White "HEIMANN, Andreas"]
[Black "PFREUNDT, Jakob"]
[Result "1-0"]
[WhiteElo "2590"]
[BlackElo "2399"]
[PlyCount "137"]
[EventDate "2018.08.17"]
[EventType "swiss"]
[EventRounds "10"]
[EventCountry "ESP"]
[SourceTitle "Ajedrez en Madrid"]
[Source "lmi"]
[SourceDate "2018.08.17"]
[SourceVersion "1"]
[SourceVersionDate "2019.07.10"]
[SourceQuality "1"]

1. Nf3 d5 2. g3 Nf6 3. Bg2 e6 4. O-O Be7 5. c4 O-O 6. d4 dxc4 7. Qc2 a6 8. a4
Bd7 9. Rd1 Bc6 10. Bg5 a5 11. Bxf6 Bxf6 12. Nbd2 Bxf3 13. Nxf3 Na6 14. Qxc4 c6
15. e3 Qb6 16. Nd2 Rfd8 17. Ne4 Be7 18. Rac1 Rac8 19. b3 Rd7 20. h4 h6 21. Bf3
Rcd8 22. Kg2 Qb4 23. Nd2 Qb6 24. Qc3 Nb4 25. Nc4 Qa7 26. Qa1 Bf6 27. Qb1 Rc7
28. Rd2 Rcd7 29. Rcd1 Nd5 30. Qc1 Nb4 31. Be4 Rc7 32. Ne5 Qb6 33. Bb1 Qa7 34.
Qc4 Qa6 35. Qxa6 Nxa6 36. Nc4 Be7 37. Bd3 Bb4 38. Rc2 c5 39. Be4 cxd4 40. Rxd4
Rxd4 41. exd4 h5 42. Ne3 Rxc2 43. Nxc2 Bc3 44. Bxb7 Nb4 45. Ne3 Kf8 46. d5 exd5
47. Bxd5 Bd4 48. Bf3 Bxe3 49. fxe3 g6 50. Be2 Ke7 51. Kf3 Nc6 52. Ke4 Kd6 53.
Bc4 Ne5 54. Bd5 f6 55. Kd4 Nd7 56. Bf3 Ne5 57. Bg2 Ng4 58. Bf3 Ne5 59. Bh1 g5
60. Be4 gxh4 61. gxh4 f5 62. Bxf5 Nf3+ 63. Kc4 Nxh4 64. Be4 Ke5 65. Bh1 Nf5 66.
Kb5 Nxe3 67. Kxa5 h4 68. Kb6 h3 69. a5 1-0